Open Data Biblioteca Nacional de Portugal


República Portuguesa: Ministério da Cultura
Biblioteca Nacional de Portugal

Catálogo da BNP: acesso por Identificadores Unívocos
Registos Bibliográficos associados ao registo de autoridade

Etiqueta de registo: 00254nam 2200025 450
001 2286373
003 http://id.bnportugal.gov.pt/bib/catbnp/2286373
100 ## $a20260515d2025 k y0pory01030103ba
101 0# $apor$deng
102 ## $aPT
105 ## $ay m 000yy
106 ## $ar
200 1# $aEufemismo na língua portuguesa e chinesa$etradução do eufemismo do chinês para o português, um estudo de caso a partir das obras de Mo Yan e Yu Hua$fYu Mei$gorient. Amália Mendes, Zhang Fangfang
210 #9 $aLisboa$c[s.n.],$d2025
215 ## $a370 p.$d30 cm
328 #1 $aTese dout. Linguística (Tradução), Faculdade de Letras da Universidade de Lisboa, 2025
700 #0 $aYu,$bMei$31998523
702 #1 $aMendes,$bAmália,$f1967-$4727$3178009
702 #0 $aZhang,$bFangfang$4727$31998524
801 #0 $aPT$bBN$gRPC
966 ## $lBN$mFGMON$x1
971 ## $cisantos$d20260515

OpendataBNP@bnportugal.pt | Mais informação sobre acesso aos dados BNP